000 00710nam a22002417a 4500
005 20150330040207.0
008 110131s2011 nyua 001 0 eng
020 _a9780071716734
041 0 _aeng
080 _a004
100 1 _aJanus, Philo.
245 1 0 _aBuilding integrated business intelligence solutions with SQL Server 2008 R2 & Office 2010 /
_cPhilo Janus and Stacia Misner.
260 _aNew York :
_bMcGraw-Hill,
_c2011.
300 _a471 f. :
_bme il.;
_c23 cm.
505 _aIndex: f. 461 - 471
630 0 0 _aSQL server.
630 0 0 _aMicrosoft Office.
650 0 _aKompjuterat
650 0 _aBiznesi
650 0 _aIntelegjenca artificiale
700 1 _aMisner, Stacia.
942 _2udc
_cBK
999 _c576
_d576